| 000 | 02593cam a22006854i 4500 | ||
|---|---|---|---|
| 003 | PE-LiUPU | ||
| 005 | 20250731170422.0 | ||
| 008 | 180611s2015 sp a rb 000 0 spa d | ||
| 020 | _a8499612016 | ||
| 020 | _a9788499612010 | ||
| 035 | _a(Sirsi) a248840 | ||
| 040 |
_aPE-LiUPU _bspa _cPE-LiUPU _erda |
||
| 041 | 1 |
_aspa _heng |
|
| 049 | _aPRUA | ||
| 082 | 0 | 4 |
_a153.733 _bJ67 _220 |
| 100 | 1 |
_aJohnson, Addie, _eautor. |
|
| 245 | 1 | 0 |
_aAtención : teoría y práctica / _cAddie Johnson, Robert W. Proctor ; edición traducida, adaptada y revisada por Antonio Crespo, Raúl Cabestrero, Pilar Quirós y Marcos Ríos. |
| 264 | 1 |
_aMadrid : _bCentro de estudios Ramón Areces, _c2015. |
|
| 300 |
_axiii, 344 páginas : _bilustraciones ; _c24 centímetros |
||
| 336 |
_atext _2rdacontent |
||
| 337 |
_aunmediated _2rdamedia |
||
| 338 |
_avolume _2rdacarrier |
||
| 504 | _aBibliografía : páginas 319-344. | ||
| 505 | 0 | _aPresentación de la edición española: introducción al estudio de la atención y marco conceptual -- La investigación sobre atención: perspectiva histórica -- El estudio de la atención desde el procesamiento de la información -- Atención selectiva visual -- Atención auditiva y crossmodal -- Atención e inhibición -- Realizando varias tareas a la vez -- Atención y memoria -- Carga mental, consciencia situacional y error huamano. | |
| 526 | _aSEG68 | ||
| 526 | _aSEG70 | ||
| 526 | _aSEG69 | ||
| 526 | _aSEG67 | ||
| 526 | _aSEG43 | ||
| 526 | _aP144 | ||
| 526 | _aP143 | ||
| 526 | _aP131 | ||
| 526 | _aP122 | ||
| 526 | _aP120 | ||
| 526 | _aP117 | ||
| 526 | _aP112 | ||
| 526 | _aP110 | ||
| 526 | _aP106 | ||
| 526 | _aP101 | ||
| 526 | _aP80 | ||
| 526 | _aP59 | ||
| 526 | _aP54 | ||
| 526 | _aP35 | ||
| 526 | _aP33 | ||
| 526 | _aP30 | ||
| 534 |
_pTítulo original : _tAttention. Theoty and practice. |
||
| 541 | _g002-00000083; | ||
| 650 | 1 | 7 |
_aAtención _2embne |
| 700 | 1 |
_aProctor, Robert W., _eautor. |
|
| 700 | 1 |
_aCrespo, Antonio, _etraductor. |
|
| 700 | 1 |
_aCabestrero, Raúl, _etraductor. |
|
| 700 | 1 |
_aQuirós, Pilar, _etraductor. |
|
| 700 | 1 |
_aRíos, Marcos, _etraductor. |
|
| 910 |
_adbm _bncf _cncf _d20180611 |
||
| 942 |
_2ddc _cBOOK |
||
| 994 |
_aC0 _bPEPRU |
||
| 598 | _aCATALOGING | ||
| 596 | _a1 | ||
| 999 |
_a153.733 J67 _wDEWEY _c28468 _i78667 _d28468 _e2019-5-2 _f2021-11-3 _g4 _lCCODEBUL1 _mBUL _n2 _p47.51 _q2 _r0 _sY _tBOOK _u2018-6-11 _xSALUD _zP33 _0COMPRA _1FCOMPRA _o.STAFF. Colección Ciencias de la Salud |
||
| 980 |
_81 _gALBERTO SANCHEZ Responsable de Automatización |
||